Porovnanie vybraných produktov osobnej železničnej prepravy na Slovensku a v Českej republike

Stručné porovnanie a zhodnotenie vybraných produktov železničných spoločností v Českej a Slovenskej republike. Zľavy a doplnkové služby hodnotené z pohľadu zákazníkov, ktorí služby železničných prepravcov využívajú.

Guardado en:
Detalles Bibliográficos
Autor principal: Gogolová, Martina
Otros Autores: Gogola, Marián
Formato: Capítulo de libro
Lenguaje:eslovaco
Materias:
Etiquetas: Agregar Etiqueta
Sin Etiquetas, Sea el primero en etiquetar este registro!

MARC

LEADER 00000naa a2200000 4500
001 0168749
005 20231207075149.5
041 0 |a slo 
044 |a SK 
245 1 0 |a Porovnanie vybraných produktov osobnej železničnej prepravy na Slovensku a v Českej republike  |c Martina Gogolová, Marián Gogola 
520 |a Stručné porovnanie a zhodnotenie vybraných produktov železničných spoločností v Českej a Slovenskej republike. Zľavy a doplnkové služby hodnotené z pohľadu zákazníkov, ktorí služby železničných prepravcov využívajú. 
610 2 0 |a Slovensko 
610 2 0 |a Česko 
610 2 0 |a železnice 
610 2 0 |a doprava železničná osobná 
610 2 0 |a siete železničné 
610 2 0 |a služby doplnkové 
610 2 0 |a komunikácia marketingová 
100 1 |a Gogolová, Martina 
700 1 |a Gogola, Marián